| 000 | 01030nam a2200229 i 4500 | ||
|---|---|---|---|
| 001 | 170909 | ||
| 003 | ES-MaACL | ||
| 005 | 20250927133104.0 | ||
| 008 | 090416s1856 sp |||| | spa d | ||
| 100 | 0 |
_aEguilaz, Luis de. _946758 |
|
| 245 | 1 | 3 |
_aEl esclavo _b: zarzuela en tres actos, arreglada a la escena española / _cpor Luis de Eguilaz ; música de Martín Sánchez Allu y Luis Cepeda. |
| 260 |
_aMadrid : _b[s.n.], _c1856 ( _fImpr. de José Rodríguez) |
||
| 300 |
_a72 p. ; _c18 cm. |
||
| 490 | 1 | _aLa escena española | |
| 500 | _aEn port.: Representada por primera vez con aplauso en el teatro de la Zarzuela el 24 de diciembre de 1856. | ||
| 500 | _aSolo la letra. | ||
| 700 | 1 |
_aSánchez Allú, Martín, _d1828-1858 _9133004 |
|
| 700 | 1 |
_aCepeda, Luis. _9126414 |
|
| 830 | 0 |
_aLa escena española _9188984 |
|
| 852 |
_aES-MaACL _jF-8569(4) _z.- Enc. pasta española _q.- Falto de la cub. original _z.- Enc. en vol. facticio formando parte de la col. "Teatro español moderno", vol. 22 |
||
| 999 |
_c170909 _d170909 |
||